[Event "6th Cesme Open-A 2018"]
[Site "Cesme"]
[Date "2018.06.30"]
[Round "7.17"]
[White "Erten, Kerem"]
[Black "Zeynalli, Rashad"]
[Result "0-1"]
[WhiteElo "1779"]
[BlackElo "2295"]
[Annotator "ChessBase"]
[PlyCount "150"]
[EventDate "2018.06.26"]
[EventType "swiss"]
[EventCountry "TUR"]
[SourceTitle "playchess.com"]
[Source "ChessBase"]
[SourceQuality "1"]
[TimeControl "5400+30"]

1. e3 {[%emt 0:01:30]} g6 {[%emt 0:00:30]} 2. Nf3 {[%emt 0:00:00]} Bg7 {[%emt 0:00:00]} 3. Be2 {[%emt 0:00:00]} e5 {[%emt 0:00:00]} 4. d4 {[%emt 0:01:30]} e4 {[%emt 0:00:30]} 5. Nfd2 {[%emt 0:00:30]} f5 {[%emt 0:00:00]} 6. c4 {[%emt 0:00:30]} Nf6 {[%emt 0:00:00]} 7. Nc3 {[%emt 0:01:30]} O-O {[%emt 0:00:30]} 8. O-O {[%emt 0:00:00]} d6 {[%emt 0:00:30]} 9. Qc2 {[%emt 0:08:00]} Be6 {[%emt 0:04:30]} 10. f3 {[%emt 0:03:30]} exf3 {[%emt 0:01:30]} 11. Nxf3 {[%emt 0:01:30]} Bd7 {[%emt 0:03:30]} 12. d5 {[%emt 0:05:30]} Na6 {[%emt 0:01:30]} 13. Nd4 {[%emt 0:10:30]} Qe7 {[%emt 0:02:30]} 14. Bf3 {[%emt 0:01:30]} Nc5 {[%emt 0:04:30]} 15. Bd2 {[%emt 0:03:30]} Rae8 {[%emt 0:02:30]} 16. Ncb5 {[%emt 0:05:30]} Bxb5 {[%emt 0:02:30]} 17. cxb5 {[%emt 0:01:30]} Nfe4 {[%emt 0:02:30]} 18. Rae1 {[%emt 0:03:30]} Nxd2 {[%emt 0:04:30]} 19. Qxd2 {[%emt 0:00:30]} Bxd4 {[%emt 0:03:30]} 20. exd4 {[%emt 0:03:30]} Ne4 {[%emt 0:00:30]} 21. Qd3 {[%emt 0:00:30]} h5 {[%emt 0:25:30]} 22. Re2 {[%emt 0:03:30]} Kg7 {[%emt 0:05:30]} 23. Rfe1 {[%emt 0:01:30]} Qf7 {[%emt 0:01:30]} 24. Rc1 {[%emt 0:11:30]} Re7 {[%emt 0:00:30]} 25. Rec2 {[%emt 0:01:30]} Rfe8 {[%emt 0:04:30]} 26. Bxe4 {[%emt 0:07:30]} fxe4 {[%emt 0:00:30]} 27. Qe3 {[%emt 0:00:30]} Kg8 {[%emt 0:05:30]} 28. Qg5 {[%emt 0:03:50]} Rf8 {[%emt 0:01:30]} 29. h3 {[%emt 0:02:00]} e3 {[%emt 0:03:30]} 30. Re2 {[%emt 0:00:11]} Qf6 {[%emt 0:00:30]} 31. Qxf6 {[%emt 0:01:08]} Rxf6 {[%emt 0:00:30]} 32. Rce1 {[%emt 0:00:00]} Re4 {[%emt 0:00:45]} 33. Rxe3 {[%emt 0:00:27]} Rxd4 {[%emt 0:00:15]} 34. Re7 {[%emt 0:01:50]} Rc4 {[%emt 0:01:31]} 35. Rd7 {[%emt 0:01:11]} Rf7 {[%emt 0:02:16]} 36. Ree7 {[%emt 0:01:04]} Rxe7 {[%emt 0:01:04]} 37. Rxe7 {[%emt 0:00:05]} Kf8 {[%emt 0:00:45]} 38. Rh7 {[%emt 0:00:15]} Rc2 {[%emt 0:02:31]} 39. a4 {[%emt 0:02:06]} a6 {[%emt 0:02:52]} 40. bxa6 {[%emt 0:00:35]} bxa6 {[%emt 0:00:01]} 41. Rh8+ {[%emt 0:00:32]} Ke7 {[%emt 0:01:13]} 42. Ra8 {[%emt 0:01:28]} Rxb2 {[%emt 0:01:49]} 43. Rxa6 {[%emt 0:00:04]} Kf6 {[%emt 0:01:01]} 44. Ra7 {[%emt 0:05:15]} Rc2 {[%emt 0:01:31]} 45. Ra8 {[%emt 0:01:09]} Rc5 {[%emt 0:02:32]} 46. a5 {[%emt 0:00:28]} Rxd5 {[%emt 0:01:15]} 47. a6 {[%emt 0:00:08]} Ra5 {[%emt 0:01:08]} 48. Rc8 {[%emt 0:01:32]} c5 {[%emt 0:01:38]} 49. Ra8 {[%emt 0:00:28]} Ke5 {[%emt 0:01:16]} 50. a7 {[%emt 0:00:05]} Kd5 {[%emt 0:00:23]} 51. Kf2 {[%emt 0:00:05]} Ra6 {[%emt 0:02:13]} 52. Ke3 {[%emt 0:00:24]} Kc6 {[%emt 0:00:02]} 53. Kd3 {[%emt 0:01:26]} Kb6 {[%emt 0:01:00]} 54. Rg8 {[%emt 0:00:47]} Rxa7 {[%emt 0:00:12]} 55. Rxg6 {[%emt 0:00:00]} Kc6 {[%emt 0:00:37]} 56. Kc4 {[%emt 0:00:19]} h4 {[%emt 0:00:28]} 57. Kb3 {[%emt 0:01:37]} Re7 {[%emt 0:00:22]} 58. Rg4 {[%emt 0:00:04]} Re3+ {[%emt 0:00:13]} 59. Kc2 {[%emt 0:00:00]} d5 {[%emt 0:00:22]} 60. Rxh4 {[%emt 0:00:35]} Rg3 {[%emt 0:00:29]} 61. Rh8 {[%emt 0:00:11]} c4 {[%emt 0:00:37]} 62. h4 {[%emt 0:00:47]} Kc5 {[%emt 0:00:08]} 63. h5 {[%emt 0:00:20]} Rxg2+ {[%emt 0:00:30]} 64. Kc1 {[%emt 0:00:00]} Kd4 {[%emt 0:00:10]} 65. h6 {[%emt 0:00:13]} Kc3 {[%emt 0:00:30]} 66. Kd1 {[%emt 0:00:13]} d4 {[%emt 0:00:23]} 67. h7 {[%emt 0:00:04]} Rh2 {[%emt 0:00:00]} 68. Ra8 {[%emt 0:05:01]} Rh1+ {[%emt 0:00:52]} 69. Ke2 {[%emt 0:00:30]} d3+ {[%emt 0:00:00]} 70. Ke3 {[%emt 0:00:16]} Rh3+ {[%emt 0:00:11]} 71. Kf2 {[%emt 0:00:00]} Rxh7 {[%emt 0:00:12]} 72. Ra3+ {[%emt 0:00:16]} Kb2 {[%emt 0:00:00]} 73. Ra4 {[%emt 0:00:15]} c3 {[%emt 0:00:12]} 74. Rd4 {[%emt 0:00:00]} c2 {[%emt 0:00:20]} 75. Rb4+ {[%emt 0:00:09]} Kc3 {[%emt 0:00:00]} 0-1

[Event "6th Cesme Open-A 2018"]
[Site "Cesme"]
[Date "2018.06.30"]
[Round "7.18"]
[White "Ozcoban, Kadir"]
[Black "Agdelen, Huseyin Can"]
[Result "0-1"]
[WhiteElo "1853"]
[BlackElo "2276"]
[Annotator "NA"]
[PlyCount "48"]
[EventDate "2018.06.26"]
[EventType "swiss"]
[EventCountry "TUR"]
[SourceTitle "playchess.com"]
[Source "ChessBase"]
[SourceQuality "1"]
[TimeControl "5400+30"]

1. e4 {[%emt 0:07:30]} c5 {[%emt 0:00:30]} 2. Nf3 {[%emt 0:00:30]} d6 {[%emt 0:00:30]} 3. d4 {[%emt 0:00:30]} cxd4 {[%emt 0:00:30]} 4. Nxd4 {[%emt 0:00:00]} Nf6 {[%emt 0:00:00]} 5. Nc3 {[%emt 0:00:00]} a6 {[%emt 0:00:00]} 6. Bg5 {[%emt 0:00:00]} e6 {[%emt 0:01:30]} 7. f4 {[%emt 0:00:00]} h6 {[%emt 0:01:30]} 8. Bh4 {[%emt 0:01:30]} Qb6 {[%emt 0:01:30]} 9. a3 {[%emt 0:05:30]} Be7 {[%emt 0:01:30] B96: Sizilianisch (Najdorf-Variante)} 10. Bf2 {[%emt 0:07:30]} Qc7 {[%emt 0:01:30]} 11. Qf3 {[%emt 0:00:30]} (11. Bd3 e5 12. Nde2 b5 13. Qd2 Nbd7 14. O-O-O Rb8 15. h3 b4 16. axb4 Rxb4 17. g4 {0-1 (57) Najer,E (2693)-Wojtaszek,R (2741) Czech Republic 2018}) 11... Nbd7 {[%emt 0:03:30]} 12. O-O-O {[%emt 0:01:30] LiveBook: 39 Games} b5 {[%emt 0:04:30]} 13. Bxb5 {[%emt 0:26:30]} axb5 {[%emt 0:02:30]} 14. Ncxb5 $146 {[%emt 0:00:30]} ({Vorgänger:} 14. Ndxb5 Qb8 15. e5 Bb7 16. Qe2 dxe5 17. fxe5 {0-1 (28) Leban,S-Minic,D Novi Sad 1965}) 14... Qb8 {[%emt 0:03:30]} 15. Rhe1 {[%emt 0:00:30]} Bb7 {[%emt 0:08:30]} 16. Bh4 {[%emt 0:04:30]} Nc5 {[%emt 0:17:30]} 17. Bxf6 {[%emt 0:01:30]} Bxf6 {[%emt 0:00:30]} 18. b4 {[%emt 0:07:30]} (18. Nxe6 {ist eine bessere Verteidigung.} Nxe6 19. Nxd6+ Kf8 20. Qb3) 18... O-O {[%emt 0:05:30]} 19. h4 $19 {[%emt 0:10:30]} Nxe4 {[%emt 0:07:30]} 20. Rxe4 {[%emt 0:00:30]} e5 {[%emt 0:00:30]} 21. Nxd6 {[%emt 0:03:30]} Qxd6 {[%emt 0:06:30]} 22. fxe5 {[%emt 0:01:21]} Bxe5 {[%emt 0:01:30]} 23. Nf5 {[%emt 0:02:26]} Bxe4 {[%emt 0:00:30]} 24. Qxe4 {[%emt 0:00:30]} Bf4+ {[%emt 0:00:30]} 0-1

[Event "6th Cesme Open-A 2018"]
[Site "Cesme"]
[Date "2018.06.30"]
[Round "7.19"]
[White "Ozkan, Ervin"]
[Black "Yasin, Hur"]
[Result "1-0"]
[WhiteElo "2171"]
[BlackElo "1991"]
[Annotator "NA"]
[PlyCount "101"]
[EventDate "2018.06.26"]
[EventType "swiss"]
[EventCountry "TUR"]
[SourceTitle "playchess.com"]
[Source "ChessBase"]
[SourceQuality "1"]
[TimeControl "5400+30"]

1. d4 {[%emt 0:00:30]} Nf6 {[%emt 0:00:30]} 2. Bf4 {[%emt 0:00:30]} e6 {[%emt 0:00:30]} 3. e3 {[%emt 0:00:30]} c5 {[%emt 0:00:00]} 4. c3 {[%emt 0:00:00]} Nc6 {[%emt 0:00:00]} 5. Nd2 {[%emt 0:00:00]} d5 {[%emt 0:00:30]} 6. Bd3 {[%emt 0:00:30]} cxd4 {[%emt 0:03:30]} 7. exd4 {[%emt 0:01:30]} Bd6 {[%emt 0:00:30]} 8. Bxd6 {[%emt 0:00:30]} Qxd6 {[%emt 0:00:30]} 9. Ngf3 {[%emt 0:00:30]} O-O {[%emt 0:01:30]} 10. Qe2 {[%emt 0:00:30] B13: Caro-Kann (Abtausch-Variante 4.c4)} (10. O-O e5 11. dxe5 Nxe5 12. Nxe5 Qxe5 13. Nf3 Qh5 14. Nd4 Qh4 15. Qf3 Ne4 16. Rfe1 f5 17. Bc2 b5 18. Bb3 {½-½ (44) Shen,Y (2465)-Mamedjarova,T (2260) Riadh 2017}) 10... g6 {[%emt 0:12:30]} 11. O-O {[%emt 0:11:30]} Nh5 {[%emt 0:00:00]} 12. g3 {[%emt 0:07:30]} f6 {[%emt 0:00:00]} 13. Rfe1 $146 {[%emt 0:02:30]} ({Vorgänger:} 13. Nh4 Ne7 14. f4 Ng7 15. Nb3 b6 16. Rae1 Bd7 17. Nd2 Be8 {½-½ (50) Hipler,A (1858)-Wiesrecker,F (1863) Frankfurt 2013}) 13... Bd7 {[%emt 0:00:30]} 14. c4 {[%emt 0:06:30]} Rae8 {[%emt 0:01:30]} 15. a3 {[%emt 0:08:30]} Ng7 {[%emt 0:17:30]} 16. b4 {[%emt 0:13:30]} Nxd4 {[%emt 0:12:30]} 17. Nxd4 {[%emt 0:00:30]} dxc4 {[%emt 0:00:00]} 18. Bxg6 {[%emt 0:07:30]} hxg6 {[%emt 0:01:00]} 19. Nxc4 {[%emt 0:00:30]} Qe7 {[%emt 0:10:30]} ({Ein No Go ist} 19... Qxd4 $6 20. Red1 $16 (20. Rad1 Qc3 $16)) 20. f4 {[%emt 0:00:30]} Rc8 {[%emt 0:01:30]} 21. Rac1 {[%emt 0:01:30]} Rfd8 {[%emt 0:00:30]} 22. Na5 {[%emt 0:01:30]} Rxc1 {[%emt 0:01:30]} 23. Rxc1 {[%emt 0:00:00]} Ba4 {[%emt 0:00:30]} 24. Ndb3 {[%emt 0:06:00]} b6 {[%emt 0:13:30]} 25. Nc6 {[%emt 0:00:30]} Bxc6 $1 {[%emt 0:04:27]} 26. Rxc6 {[%emt 0:00:30]} Qd7 {[%emt 0:00:12]} 27. Rc3 {[%emt 0:01:30]} Qd5 {[%emt 0:01:46]} 28. Qf3 $11 {[%emt 0:06:30]} Qd6 {[%emt 0:02:14]} 29. Kg2 {[%emt 0:01:30]} Kf7 {[%emt 0:04:08]} 30. Rc2 {[%emt 0:00:30]} Rd7 {[%emt 0:02:42]} 31. Kh3 {[%emt 0:04:24]} Nf5 {[%emt 0:01:49]} 32. Rd2 {[%emt 0:01:55]} Qc7 {[%emt 0:00:19]} 33. Qd1 {[%emt 0:08:42]} Rxd2 {[%emt 0:01:03]} 34. Qxd2 {[%emt 0:00:02]} Ke7 {[%emt 0:01:16]} 35. Nd4 {[%emt 0:00:30]} Nxd4 {[%emt 0:02:14]} 36. Qxd4 {[%emt 0:00:01]} Qc2 {[%emt 0:00:24]} 37. Qe3 {[%emt 0:01:24]} Qd1 {[%emt 0:00:34]} 38. Qc3 {[%emt 0:00:47]} Qh5+ {[%emt 0:02:24]} 39. Kg2 {[%emt 0:00:03]} Qe2+ {[%emt 0:00:25]} 40. Kh3 {[%emt 0:00:02]} Qh5+ {[%emt 0:00:50]} 41. Kg2 {[%emt 0:00:31]} Qe2+ {[%emt 0:00:26]} 42. Kg1 {[%emt 0:00:30]} Qd1+ {[%emt 0:00:30]} 43. Kf2 {[%emt 0:00:00]} Qd6 {[%emt 0:00:00]} 44. Qf3 {[%emt 0:00:45]} Qd2+ {[%emt 0:01:13]} 45. Kg1 {[%emt 0:00:02]} Kd6 {[%emt 0:00:37]} 46. g4 {[%emt 0:00:57]} a5 {[%emt 0:01:09]} 47. bxa5 {[%emt 0:00:30]} bxa5 {[%emt 0:00:00]} 48. Qg3 {[%emt 0:01:37]} Kd5 {[%emt 0:00:17]} 49. Qb3+ {[%emt 0:02:20]} Kd4 {[%emt 0:01:08]} 50. Qb6+ {[%emt 0:01:37]} Kd5 {[%emt 0:00:47]} 51. Qd8+ {[%emt 0:00:01]} 1-0

[Event "6th Cesme Open-A 2018"]
[Site "Cesme"]
[Date "2018.06.30"]
[Round "7.20"]
[White "Yigit, Ahmet Yasir"]
[Black "Topel, Zehra"]
[Result "0-1"]
[WhiteElo "1939"]
[BlackElo "2145"]
[Annotator "NA"]
[PlyCount "136"]
[EventDate "2018.06.26"]
[EventType "swiss"]
[EventCountry "TUR"]
[SourceTitle "playchess.com"]
[Source "ChessBase"]
[SourceQuality "1"]
[TimeControl "5400+30"]

1. e4 {[%emt 0:00:30]} c5 {[%emt 0:00:30]} 2. Nf3 {[%emt 0:00:30]} d6 {[%emt 0:00:30]} 3. Bb5+ {[%emt 0:00:30]} Nc6 {[%emt 0:01:30]} 4. O-O {[%emt 0:00:30]} Bd7 {[%emt 0:00:30]} 5. Re1 {[%emt 0:03:30]} a6 {[%emt 0:00:30]} 6. Bf1 {[%emt 0:00:00]} Bg4 {[%emt 0:05:30]} 7. h3 {[%emt 0:00:00]} Bh5 {[%emt 0:00:00] B51: Sicilian: Moscow Variation (3 Bb5+) without 3...Bd7} 8. c3 {[%emt 0:01:30] LiveBook: 22 Games} e6 {[%emt 0:02:00] [#]} (8... Rc8 9. g4 Bg6 10. d4 h5 11. d5 Ne5 12. Nh2 hxg4 13. hxg4 e6 14. Bf4 Nf6 15. Bg2 {0-1 (47) Caruana,F (2782)-Nakamura,H (2789) Zuerich 2014}) 9. g4 $1 {[%emt 0:05:30]} Bg6 {[%emt 0:00:30]} 10. d4 {[%emt 0:00:00]} cxd4 {[%emt 0:06:30]} 11. cxd4 {[%emt 0:00:00]} Nf6 {[%emt 0:00:00]} 12. Nc3 {[%emt 0:00:30]} d5 {[%emt 0:01:00]} 13. exd5 {[%emt 0:10:30]} Nxd5 {[%emt 0:00:30] [#]} 14. Qb3 $146 {[%emt 0:00:00]} ({Besser ist Predecessor:} 14. Nxd5 $16 Qxd5 15. Bg2 Bb4 16. Ne5 Qd6 {½-½ (35) Zelcic,R (2557)-Brkic,A (2588) Stari Mikanovci 2011}) 14... Nxc3 {[%emt 0:05:30]} 15. bxc3 {[%emt 0:00:00]} Na5 {[%emt 0:00:00]} 16. Qb2 {[%emt 0:03:30]} Be7 {[%emt 0:01:00]} 17. Ne5 {[%emt 0:01:30]} O-O {[%emt 0:00:30]} 18. Bf4 {[%emt 0:04:30]} Rc8 {[%emt 0:09:30]} 19. Bg2 {[%emt 0:03:30]} b5 {[%emt 0:01:30]} 20. a4 {[%emt 0:00:30]} b4 {[%emt 0:04:30]} 21. cxb4 {[%emt 0:03:30]} Rc2 {[%emt 0:00:30]} 22. Qb1 {[%emt 0:08:30]} Qxd4 {[%emt 0:00:30]} 23. Bg3 $1 {[%emt 0:00:30]} Rb2 {[%emt 0:02:30]} 24. Nxg6 {[%emt 0:12:30]} hxg6 {[%emt 0:08:30]} 25. Qe4 {[%emt 0:03:30]} Rxb4 {[%emt 0:02:30]} 26. Qxd4 {[%emt 0:02:30]} Rxd4 {[%emt 0:00:30]} 27. Be5 {[%emt 0:00:00]} Rd7 {[%emt 0:01:30]} 28. Bc3 {[%emt 0:05:00]} Nb3 {[%emt 0:02:30]} 29. Rab1 {[%emt 0:00:30]} Nc5 {[%emt 0:01:30]} 30. a5 {[%emt 0:00:30]} Rc8 {[%emt 0:02:30]} 31. Bf1 {[%emt 0:05:30]} Nd3 {[%emt 0:04:30]} 32. Re3 {[%emt 0:05:30]} Rxc3 {[%emt 0:02:30]} 33. Rd1 {[%emt 0:00:30]} Nc5 {[%emt 0:07:30]} 34. Rxd7 {[%emt 0:01:30]} Rxe3 {[%emt 0:00:30]} 35. Rxe7 {[%emt 0:00:30]} Ra3 {[%emt 0:00:00]} 36. Re8+ {[%emt 0:00:30]} Kh7 {[%emt 0:00:00]} 37. Rc8 {[%emt 0:00:30]} Rxa5 {[%emt 0:00:00]} 38. Rc6 {[%emt 0:00:30]} g5 {[%emt 0:00:00]} 39. f3 {[%emt 0:00:30]} Kg6 {[%emt 0:02:30]} 40. Kf2 {[%emt 0:00:30]} Kf6 {[%emt 0:00:00]} 41. Ke3 {[%emt 0:00:37]} Ke5 {[%emt 0:00:00]} 42. Bc4 {[%emt 0:00:23]} Ra3+ {[%emt 0:02:30]} 43. Kf2 {[%emt 0:01:13]} Kd4 {[%emt 0:00:30]} 44. Be2 {[%emt 0:00:06]} a5 {[%emt 0:01:30]} 45. Rc7 {[%emt 0:00:16]} Ra2 {[%emt 0:00:30]} 46. Kf1 {[%emt 0:00:25]} a4 {[%emt 0:00:30]} 47. Rxf7 {[%emt 0:00:30]} a3 $19 {[%emt 0:00:30]} 48. Ra7 {[%emt 0:00:44]} Ra1+ {[%emt 0:00:30]} 49. Kf2 {[%emt 0:00:16]} a2 {[%emt 0:00:30]} 50. Ra3 {[%emt 0:00:30]} Nb3 {[%emt 0:02:30]} 51. Rxb3 {[%emt 0:02:16]} Rb1 {[%emt 0:00:30]} 52. Rd3+ {[%emt 0:00:07]} Kc5 {[%emt 0:01:30]} 53. Ra3 {[%emt 0:00:14]} a1=Q {[%emt 0:00:30]} 54. Rxa1 {[%emt 0:00:30]} Rxa1 {[%emt 0:00:30]} 55. Bd3 {[%emt 0:00:00]} Kd4 {[%emt 0:00:00]} 56. Be4 {[%emt 0:00:00]} Ra2+ {[%emt 0:00:00]} 57. Kg3 {[%emt 0:00:23]} Ke3 {[%emt 0:00:30]} 58. h4 {[%emt 0:01:28]} Ra5 {[%emt 0:06:07]} 59. hxg5 {[%emt 0:03:01]} Rxg5 {[%emt 0:00:09]} 60. Bb7 {[%emt 0:04:26]} Rc5 {[%emt 0:01:24]} 61. f4 {[%emt 0:02:04]} Rc1 {[%emt 0:01:41]} 62. f5 {[%emt 0:00:37]} e5 {[%emt 0:00:10]} 63. g5 {[%emt 0:00:38]} e4 {[%emt 0:05:33]} 64. Kg2 {[%emt 0:02:35]} Rc5 {[%emt 0:00:19]} 65. Kg3 {[%emt 0:01:12]} Rxf5 {[%emt 0:00:33]} 66. Kg4 {[%emt 0:00:02]} Rf1 {[%emt 0:01:22]} 67. Kh5 {[%emt 0:00:17]} Rg1 {[%emt 0:00:00]} 68. Kg6 {[%emt 0:00:54]} Kf4 {[%emt 0:00:00]} 0-1

[Event "6th Cesme Open-A 2018"]
[Site "Cesme"]
[Date "2018.06.30"]
[Round "8.1"]
[White "Kovchan, Alexander"]
[Black "Rasulov, Vugar Ural Oglu"]
[Result "1-0"]
[WhiteElo "2572"]
[BlackElo "2516"]
[Annotator "ChessBase"]
[PlyCount "117"]
[EventDate "2018.06.26"]
[EventType "swiss"]
[EventCountry "TUR"]
[SourceTitle "playchess.com"]
[Source "ChessBase"]
[SourceQuality "1"]
[TimeControl "5400+30"]

1. c4 {[%emt 0:00:30]} c5 {[%emt 0:01:30]} 2. Nf3 {[%emt 0:00:00]} g6 {[%emt 0:00:30]} 3. d4 {[%emt 0:00:00]} cxd4 {[%emt 0:00:00]} 4. Nxd4 {[%emt 0:00:30]} Nc6 {[%emt 0:00:00]} 5. e4 {[%emt 0:00:30]} Nf6 {[%emt 0:00:30]} 6. Nc3 {[%emt 0:00:30]} d6 {[%emt 0:00:30]} 7. Nc2 {[%emt 0:02:30]} Bg7 {[%emt 0:00:30]} 8. Be2 {[%emt 0:00:30]} O-O {[%emt 0:01:30]} 9. O-O {[%emt 0:00:30]} Nd7 {[%emt 0:00:00]} 10. Bd2 {[%emt 0:00:30]} Nc5 {[%emt 0:00:00]} 11. b4 {[%emt 0:00:00]} Ne6 {[%emt 0:01:30]} 12. Rc1 {[%emt 0:04:00]} Bd7 {[%emt 0:00:30]} 13. Nd5 {[%emt 0:04:30]} Ncd4 {[%emt 0:04:30]} 14. Nxd4 {[%emt 0:00:30]} Nxd4 {[%emt 0:00:30]} 15. Bg5 {[%emt 0:02:30]} Re8 {[%emt 0:05:30]} 16. Bd3 {[%emt 0:06:30]} Bc6 {[%emt 0:13:30]} 17. Qd2 {[%emt 0:07:30]} Rc8 {[%emt 0:00:00]} 18. Rfe1 {[%emt 0:07:30]} b6 {[%emt 0:01:00]} 19. h3 {[%emt 0:10:30]} Bb7 {[%emt 0:04:30]} 20. Bh4 {[%emt 0:02:30]} f6 {[%emt 0:03:30]} 21. f3 {[%emt 0:08:30]} e6 {[%emt 0:01:30]} 22. Nc3 {[%emt 0:00:30]} Nc6 {[%emt 0:00:30]} 23. Bf1 {[%emt 0:10:30]} Qe7 {[%emt 0:20:30]} 24. a3 {[%emt 0:00:30]} Red8 {[%emt 0:04:30]} 25. Nb5 {[%emt 0:00:30]} Rd7 {[%emt 0:03:30]} 26. Bg3 {[%emt 0:00:30]} Bf8 {[%emt 0:02:30]} 27. Bf2 {[%emt 0:02:30]} Qf7 {[%emt 0:01:30]} 28. Rcd1 {[%emt 0:01:30]} Rcd8 {[%emt 0:02:30]} 29. Qc2 {[%emt 0:00:00]} Kg7 {[%emt 0:00:30]} 30. Qa4 {[%emt 0:01:00]} g5 {[%emt 0:02:30]} 31. Rd2 {[%emt 0:00:30]} h5 {[%emt 0:00:30]} 32. Qb3 {[%emt 0:03:30]} Ba8 {[%emt 0:00:30]} 33. Red1 {[%emt 0:00:30]} Ne5 {[%emt 0:05:30]} 34. Nd4 {[%emt 0:01:30]} Kh8 {[%emt 0:00:30]} 35. Qe3 {[%emt 0:01:30]} Qg8 {[%emt 0:02:34]} 36. Kh1 {[%emt 0:01:30]} Kh7 {[%emt 0:01:10]} 37. Nb5 {[%emt 0:00:00]} Bc6 {[%emt 0:01:04]} 38. Nd4 {[%emt 0:02:48]} Ba8 {[%emt 0:00:07]} 39. Bg3 {[%emt 0:00:51]} Bh6 {[%emt 0:00:51]} 40. Nb5 {[%emt 0:00:18]} Qf8 {[%emt 0:01:58]} 41. Bh2 {[%emt 0:03:35]} Qe7 {[%emt 0:00:54]} 42. Rd4 {[%emt 0:01:32]} Bc6 {[%emt 0:01:22]} 43. a4 {[%emt 0:01:03]} g4 {[%emt 0:00:30]} 44. Qf2 {[%emt 0:00:30]} gxf3 {[%emt 0:00:30]} 45. gxf3 {[%emt 0:00:01]} f5 {[%emt 0:03:32]} 46. Bg2 {[%emt 0:03:43]} fxe4 {[%emt 0:00:15]} 47. fxe4 {[%emt 0:00:00]} a6 {[%emt 0:04:19]} 48. Nxd6 {[%emt 0:01:20]} Bxa4 {[%emt 0:01:32]} 49. Bxe5 {[%emt 0:02:27]} Bxd1 {[%emt 0:00:05]} 50. Bf6 {[%emt 0:00:24]} Qf8 {[%emt 0:02:59]} 51. e5 {[%emt 0:00:30]} Ba4 {[%emt 0:00:00]} 52. Rh4 {[%emt 0:03:15]} Kg8 {[%emt 0:01:00]} 53. Rxh5 {[%emt 0:00:45]} Bd1 {[%emt 0:00:35]} 54. Rh4 {[%emt 0:02:38]} Bg7 {[%emt 0:01:53]} 55. c5 {[%emt 0:03:23]} bxc5 {[%emt 0:00:30]} 56. bxc5 {[%emt 0:00:00]} Rb8 {[%emt 0:02:10]} 57. Be4 {[%emt 0:00:00]} Bb3 {[%emt 0:01:07]} 58. Qg3 {[%emt 0:00:13]} Bd5 {[%emt 0:00:27]} 59. Rh8+ {[%emt 0:00:34]} 1-0

[Event "6th Cesme Open-A 2018"]
[Site "Cesme"]
[Date "2018.06.30"]
[Round "8.2"]
[White "Solodovnichenko, Yuri"]
[Black "Gadimbayli, Abdulla Azar"]
[Result "1/2-1/2"]
[WhiteElo "2531"]
[BlackElo "2420"]
[Annotator "ChessBase"]
[PlyCount "106"]
[EventDate "2018.06.26"]
[EventType "swiss"]
[EventCountry "TUR"]
[SourceTitle "playchess.com"]
[Source "ChessBase"]
[SourceQuality "1"]
[TimeControl "5400+30"]

1. e4 {[%emt 0:00:30]} e6 {[%emt 0:08:30]} 2. d4 {[%emt 0:00:30]} d5 {[%emt 0:00:30]} 3. Nc3 {[%emt 0:00:00]} Bb4 {[%emt 0:00:00]} 4. e5 {[%emt 0:00:00]} c5 {[%emt 0:00:00]} 5. a3 {[%emt 0:00:00]} Bxc3+ {[%emt 0:00:00]} 6. bxc3 {[%emt 0:00:00]} Ne7 {[%emt 0:00:00]} 7. h4 {[%emt 0:01:30]} Qc7 {[%emt 0:00:00]} 8. Nf3 {[%emt 0:00:30]} Bd7 {[%emt 0:09:00]} 9. h5 {[%emt 0:01:30]} h6 {[%emt 0:01:30]} 10. a4 {[%emt 0:16:30]} Nbc6 {[%emt 0:06:30]} 11. Ba3 {[%emt 0:07:30]} cxd4 {[%emt 0:10:30]} 12. cxd4 {[%emt 0:00:30]} Qa5+ {[%emt 0:00:30]} 13. Qd2 {[%emt 0:01:30]} Qxd2+ {[%emt 0:02:30]} 14. Kxd2 {[%emt 0:00:00]} Nf5 {[%emt 0:00:30]} 15. Kd3 {[%emt 0:05:00]} Na5 {[%emt 0:07:30]} 16. g4 {[%emt 0:28:30]} Ne7 {[%emt 0:00:00]} 17. Ke3 {[%emt 0:02:30]} Rc8 {[%emt 0:12:00]} 18. Bd3 {[%emt 0:00:30]} Nc4+ {[%emt 0:04:30]} 19. Ke2 {[%emt 0:00:00]} b6 {[%emt 0:01:30]} 20. Rhb1 {[%emt 0:01:00]} Nxa3 {[%emt 0:05:30]} 21. Rxa3 {[%emt 0:00:30]} Nc6 {[%emt 0:00:00]} 22. Ba6 {[%emt 0:01:30]} Rc7 {[%emt 0:04:00]} 23. Rbb3 {[%emt 0:08:30]} Kd8 {[%emt 0:12:12]} 24. Ke3 {[%emt 0:00:30]} Bc8 {[%emt 0:01:02]} 25. Bd3 {[%emt 0:01:30]} Na5 {[%emt 0:00:57]} 26. Rb4 {[%emt 0:00:00]} Ke7 {[%emt 0:01:16]} 27. Nd2 {[%emt 0:00:00]} Bd7 {[%emt 0:03:51]} 28. c4 {[%emt 0:04:03]} dxc4 {[%emt 0:03:44]} 29. Nxc4 {[%emt 0:01:20]} Nxc4+ {[%emt 0:00:36]} 30. Rxc4 {[%emt 0:00:03]} Rxc4 {[%emt 0:00:21]} 31. Bxc4 {[%emt 0:00:30]} Rc8 {[%emt 0:00:00]} 32. Ba6 {[%emt 0:05:21]} Rc1 {[%emt 0:00:41]} 33. a5 {[%emt 0:00:13]} Re1+ {[%emt 0:00:30]} 34. Kf4 {[%emt 0:05:21]} Bc6 {[%emt 0:03:26]} 35. f3 {[%emt 0:00:49]} g5+ {[%emt 0:00:51]} 36. hxg6 {[%emt 0:00:41]} fxg6 {[%emt 0:00:02]} 37. axb6 {[%emt 0:00:45]} axb6 {[%emt 0:00:05]} 38. Rb3 {[%emt 0:02:25]} Bd5 {[%emt 0:01:21]} 39. Rxb6 {[%emt 0:00:30]} g5+ {[%emt 0:00:30]} 40. Kg3 {[%emt 0:00:00]} Re3 {[%emt 0:00:00]} 41. Bb7 {[%emt 0:01:19]} Rxf3+ {[%emt 0:00:00]} 42. Kh2 {[%emt 0:00:00]} Rf2+ {[%emt 0:00:00]} 43. Kg3 {[%emt 0:00:51]} Rf3+ {[%emt 0:00:00]} 44. Kh2 {[%emt 0:00:00]} Rf4 {[%emt 0:02:43]} 45. Bxd5 {[%emt 0:00:07]} exd5 {[%emt 0:00:00]} 46. Rxh6 {[%emt 0:05:32]} Rxg4 {[%emt 0:00:15]} 47. Rg6 {[%emt 0:01:18]} Rxd4 {[%emt 0:01:12]} 48. Rxg5 {[%emt 0:00:30]} Re4 {[%emt 0:00:00]} 49. Kg3 {[%emt 0:00:00]} Kd7 {[%emt 0:00:45]} 50. Kf3 {[%emt 0:00:26]} Kc6 {[%emt 0:00:30]} 51. Rg6+ {[%emt 0:01:16]} Kc5 {[%emt 0:00:30]} 52. Re6 {[%emt 0:00:22]} Kd4 {[%emt 0:00:01]} 53. Re8 {[%emt 0:00:30]} Rxe5 {[%emt 0:00:00]} 1/2-1/2